000 00773nam a2200205 a 4500
001 BRCA_2272
005 20190320203734.0
008 040120s2003----mx-a---##b---f000-0#spa-d
020 _a9685724032
040 _aDLC
_cDLC
_dDLC
050 4 _aF1316.N8
_b.N84 2003
245 1 0 _aNuevo León
_bimágenes de nuestra memoria
_ctextos Ricardo Elizondo Elizondo, Rosa Casanova.
260 _aMéxico
_bCONARTE : Museo de Historia Mexicana : Consejo para la Cultura y las Artes de Nuevo León
_c2003
300 _a253 p.
_bil. (algunas a color)
_c31 cm.
651 4 _aNuevo León (México)
_xTrabajos Ilustrados
_96812
651 4 _aNuevo León
_xDescripción y viajes
_zMéxico
_96813
700 1 _aElizondo Elizondo, Ricardo
_95331
700 1 _aCasanova, Rosa
_95336
942 _2lcc
_cB
999 _c2019
_d2019